Statistiche per Valute del Mondo

Clicka qui per fare il quiz!

Statistiche generali

  • Questo quiz è stato fatto 21 volte
  • Il punteggio medio è 118 su 194

Statistiche sulle risposte

StatoValuta% Corretto
Andorra | Austria | Belgio | +22 othersEuro
100%
Australia | Kiribati | Nauru | TuvaluDollaro australiano
95%
CanadaDollaro canadese
95%
Antigua e Barbuda | Dominica | Grenada | +3 othersDollaro dei Caraibi Orientali
95%
BelizeDollaro del Belize
95%
BruneiDollaro del Brunei
95%
GuyanaDollaro della Guyana
95%
BahamasDollaro delle Bahamas
95%
FigiDollaro delle Figi
95%
Isole SalomoneDollaro delle Salomone
95%
BarbadosDollaro di Barbados
95%
SingaporeDollaro di Singapore
95%
Trinidad e TobagoDollaro di Trinidad e Tobago
95%
GiamaicaDollaro giamaicano
95%
LiberiaDollaro liberiano
95%
NamibiaDollaro namibiano
95%
Nuova ZelandaDollaro neozelandese
95%
Ecuador | El Salvador | Isole Marshall | +5 othersDollaro statunitense
95%
SurinameDollaro surinamese
95%
LibanoLira libanese
84%
SiriaLira siriana
84%
TurchiaNuova lira turca
84%
ArgentinaPeso argentino
84%
CilePeso cileno
84%
ColombiaPeso colombiano
84%
CubaPeso cubano
84%
Repubblica DominicanaPeso dominicano
84%
FilippinePeso filippino
84%
MessicoPeso messicano
84%
UruguayPeso uruguaiano
84%
Benin | Burkina Faso | Camerun | +11 othersFranco CFA
79%
Repubblica Democratica del CongoFranco congolese
79%
BurundiFranco del Burundi
79%
ComoreFranco delle Comore
79%
GibutiFranco gibutiano
79%
GuineaFranco guineano
79%
RuandaFranco ruandese
79%
Liechtenstein | SvizzeraFranco svizzero
79%
BielorussiaRublo bielorusso
74%
GiapponeYen giapponese
74%
Regno UnitoSterlina britannica
68%
EgittoSterlina egiziana
68%
SudanSterlina sudanese
68%
Sudan del SudSterlina sudsudanese
68%
Repubblica CecaCorona ceca
63%
DanimarcaCorona danese
63%
IslandaCorona islandese
63%
NorvegiaCorona norvegese
63%
SveziaCorona svedese
63%
AlgeriaDinaro algerino
63%
BahreinDinaro del Bahrein
63%
GiordaniaDinaro giordano
63%
IraqDinaro iracheno
63%
KuwaitDinaro kuwaitiano
63%
LibiaDinaro libico
63%
SerbiaDinaro serbo
63%
TunisiaDinaro tunisino
63%
SeychellesRupia delle Seychelles
63%
IndiaRupia indiana
63%
IndonesiaRupia indonesiana
63%
MauritiusRupia mauriziana
63%
NepalRupia nepalese
63%
PakistanRupia pakistana
63%
Sri LankaRupia singalese
63%
Bosnia ed ErzegovinaMarco bosniaco
58%
BrasileReal brasiliano
58%
Macedonia del NordDinaro macedone
53%
AlbaniaLek albanese
53%
UngheriaFiorino ungherese
47%
CinaYuan
47%
BulgariaLev bulgaro
42%
KenyaScellino keniota
42%
SomaliaScellino somalo
42%
TanzaniaScellino tanzaniano
42%
UgandaScellino ugandese
42%
PoloniaZloty polacco
42%
ThailandiaBaht thailandese
37%
VenezuelaBolívar venezuelano
37%
MoldaviaLeu moldavo
37%
RomaniaLeu romeno
37%
Emirati Arabi UnitiDirham degli Emirati Arabi Uniti
32%
MaroccoDirham marocchino
32%
AngolaKwanza angolano
32%
Sierra LeoneLeone sierraleonese
32%
PerùNuevo sol
32%
Corea del NordWon nordcoreano
32%
Corea del SudWon sudcoreano
32%
SudafricaRand sudafricano
26%
RussiaRublo russo
26%
AfghanistanAfghani afghano
21%
BoliviaBoliviano
21%
Costa RicaColón costaricano
21%
VietnamDong vietnamita
21%
Capo VerdeEscudo capoverdiano
21%
UcrainaGrivnia ucraina
21%
LaosKip laotiano
21%
NigeriaNaira nigeriana
21%
GuatemalaQuetzal guatemalteco
21%
MalaysiaRinggit malese
21%
OmanRiyal dell'Oman
21%
QatarRiyal del Qatar
21%
IranRiyal iraniano
21%
Arabia SauditaRiyal saudita
21%
YemenRiyal yemenita
21%
KirghizistanSom kirghizo
21%
UzbekistanSom uzbeco
21%
SamoaTala samoano
21%
MadagascarAriary malgascio
16%
PanamáBalboa panamense
16%
EtiopiaBirr etiope
16%
GambiaDalasi gambese
16%
HaitiGourde haitiano
16%
MalawiKwacha malawiano
16%
ZambiaKwacha zambiano
16%
GeorgiaLari georgiano
16%
HondurasLempira honduregna
16%
eSwatiniLilangeni dell'eSwatini
16%
LesothoLoti lesothiano
16%
AzerbaigianManat azero
16%
TurkmenistanManat turkmeno
16%
EritreaNacfa eritreo
16%
IsraeleNuovo siclo israeliano
16%
TongaPa'anga
16%
MaldiveRufiyaa delle Maldive
16%
VanuatuVatu di Vanuatu
16%
GhanaCedi ghanese
11%
NicaraguaCórdoba nicaraguense
11%
São Tomé e PríncipeDobra di São Tomé e Príncipe
11%
ArmeniaDram armeno
11%
ParaguayGuaraní paraguaiano
11%
Papua Nuova GuineaKina papuana
11%
BirmaniaKyat birmano
11%
MozambicoMetical mozambicano
11%
BhutanNgultrum del Bhutan
11%
MauritaniaOuguiya mauritana
11%
BotswanaPula del Botswana
11%
CambogiaRiel cambogiano
11%
TagikistanSomoni tagiko
11%
BangladeshTaka bengalese
11%
KazakistanTenge kazako
11%
MongoliaTugrik mongolo
11%

Distribuzione punteggi

Percentile per numero di risposta

Percentuale di utenti per punteggio

I tuoi punteggi nel tempo

Non hai fatto questo quiz